Cesta dieťaťa Moje drahé deti, tak veľmi by som vás chcela viesť!

Bibliographic Details
Main Author: Korčáková, Ivetka (Author)
Other Authors: Selecký, Anton, 1950- (Photographer)
Format: Article
Language:Slovak
PhysicalDescription:Fotogr.
Subjects:

MARC

LEADER 00000nab a2200000 a 4500
001 vtls001023229
003 SK-MaSNL
005 20260305033042.0
008 040720e19960000xo 0 slo
035 |a SL1811 
040 |a SLLK  |b slo  |c SLLK  |e AACR2 
041 0 |a slo 
044 |a xo  |c SK 
080 |a 23/28-051  |2 1981 
100 1 |a Korčáková, Ivetka  |4 aut  |9 1023442 
245 1 0 |a Cesta dieťaťa  |b Moje drahé deti, tak veľmi by som vás chcela viesť!  |c Ivetka Korčáková 
300 |b Fotogr. 
600 1 7 |a Korčáková, Iveta,  |d 1978-  |2 SLLK  |9 1023180 
650 0 7 |a zjavenia  |2 SLLK  |9 1965 
650 0 7 |a duchovný život  |2 SLLK  |9 1807 
651 7 |a Litmanová (Slovensko)  |2 snkbucl  |9 55694 
651 7 |a Stará Ľubovňa (Slovensko : okres)  |2 snkbucl  |9 19196 
700 1 |a Selecký, Anton,  |d 1950-  |4 pht  |9 262279 
773 0 8 |t M Rosa  |g Roč. 4, č.4 (1996), s. 24-25 
852 |a ZVYKNI  |b KIS3GCP 
999 |c 3322621  |d 3324551